Statistics for Tallest Building by Country

Click here to take the quiz!

General Stats

  • This quiz has been taken 39 times
  • The average score is 11 of 12

Answer Stats

Answer% Correct
United Arab Emirates
100%
China
97%
Taiwan
97%
United States
97%
Canada
94%
France
94%
Malaysia
91%
South Korea
88%
Germany
85%
United Kingdom
85%
Russia
79%
Vietnam
55%

Score Distribution

Percentile by Number Answered

Percent of People with Each Score

Your Score History

You have not taken this quiz